Bruno's Pokemon - Statistics

General Stats
  • This quiz has been taken 6 times
  • The average score is 10 of 19
Answer Stats
He uses it in Answer % Correct
Kanto Machamp
100%
Kanto Onix
100%
Stadium 2 Heracross
75%
Kanto Hitmonchan
75%
Kanto Hitmonlee
75%
Kanto Poliwrath
75%
Kanto Steelix
75%
Kanto Golem
50%
Johto HItmontop
50%
Stadium 2 Primeape
50%
Stadium Rhydon
50%
Stadium 2 Blastoise
25%
Stadium Clefable
25%
Stadium 2 Exeggutor
25%
Stadium 2 Granbull
25%
Johto Lucario
25%
Stadium Muk
25%
Stadium Slowbro
25%
Stadium 2 Ursaring
25%
No matching quizzes found
Score Distribution
Percent of People with Each Score
Percentile by Number Answered
Your Score History
You have not taken this quiz